Physiologie des passions / (Record no. 157625)

MARC details
000 -LEADER
campo de control de longitud fija 00586nam a2200181 i 4500
001 - NÚMERO DE CONTROL
campo de control 157625
003 - IDENTIFICADOR DE NÚMERO DE CONTROL
campo de control ES-MaACL
005 - FECHA Y HORA DE LA ÚLTIMA TRANSACCIÓN
campo de control 20250822062555.0
008 - DATOS DE LONGITUD FIJA--INFORMACIÓN GENERAL
campo de control de longitud fija 990716s1868 fr |||| | fre d
040 ## - FUENTE DE CATALOGACIÓN
Centro catalogador/agencia de origen M-RAF
Lengua de catalogación spa
Centro/agencia transcriptor M-RAF
Centro/agencia modificador CCPB | B
100 0# - ENTRADA PRINCIPAL--NOMBRE DE PERSONA
Nombre de persona Letourneau, Charles.
9 (RLIN) 71888
245 10 - MENCIÓN DEL TÍTULO
Título Physiologie des passions /
Mención de responsabilidad, etc. Ch. Letourneau.
260 ## - PUBLICACIÓN, DISTRIBUCIÓN, ETC.
Lugar de publicación, distribución, etc. París :
Nombre del editor, distribuidor, etc. Germer Bailliere,
Fecha de publicación, distribución, etc. 1868.
300 ## - DESCRIPCIÓN FÍSICA
Extensión 230 p. ;
Dimensiones 18 cm.
650 #7 - PUNTO DE ACCESO ADICIONAL DE MATERIA--TÉRMINO DE MATERIA
Término de materia o nombre geográfico como elemento de entrada Psicología
Fuente del encabezamiento o término embne
9 (RLIN) 16540
852 ## - LOCALIZACIÓN
Ubicación ES-MaACL
Número de control de estantería F-12022
Nota libre -- Enc. hol.
Encuadernación -- Edic: Completar T260: (Imp. E. Martinet)
Holdings
Estatus retirado Estado de pérdida Estado de daño No para préstamo Colección Biblioteca de origen Biblioteca actual Ubicación en estantería Fecha de adquisición Fuente de adquisición Total de préstamos Signatura topográfica completa Código de barras Visto por última vez Precio de reemplazo Tipo de ítem Koha
        Libros del s. XIX Biblioteca del Ateneo de Madrid Biblioteca del Ateneo de Madrid Sala Pecera Planta 2 17/01/2008     F-12022 1164950 23/02/2023 23/02/2023 Libro impreso antiguo